| 000 | 00502nam a2200181Ia 4500 | ||
|---|---|---|---|
| 999 |
_c41776 _d41776 |
||
| 003 | GCL | ||
| 005 | 20240530103710.0 | ||
| 008 | 140319s9999 xx 000 0 ara d | ||
| 040 |
_aGCL / _cGCL |
||
| 082 | 0 | 4 |
_a920.71 _bأ ت |
| 100 | 1 | _aاحسان عباس | |
| 245 | 1 | 0 |
_aتحفة القادم / _cاحسان عباس |
| 300 | _a294 | ||
| 490 |
_aكتاب _v0 |
||
| 650 | 0 | 4 | _aالاندلس |
| 700 | 1 | _aابن الابار : ابو عبدالله القضاعى البلنسى | |
| 942 |
_2ddc _cBK |
||